00629nam a2200205 i 4500001001100000003000500011005001700016008004100033020001800074040002500092082001400117100002900131245008000160264005200240300003100292336002100323337002500344338002300369650003100392C2-0302392PPAK20180728083434.0100125s1940 flu |||| ||||| | eng d a9780757300547 aPPAKbengcPPAKerda04a305.42231 aWilliams, Pat., eauthor10aHow to be like women of influencs : blife lessons from 20 of the greatest. 1aFlorida : bHealth Communications, Inc , c1940 axviii, 358 pages ; c21 cm 2rdacontentatext 2rdamediaaunmediated 2rdacarrieravolume10aWomen- life skills guides.